000 00349nam a22001577a 4500
999 _c10922
_d10922
003 OSt
008 210814b ||||| |||| 00| 0 eng d
082 _a823
_bSAS
100 G _aSANGHI, Ashwin
245 _aKrishna Key
250 _aRep
260 _aChennai
_bWestland Limited
_c2018
300 _a471
650 _aReligious
942 _2ddc
_cBK